El giro teológico. Nuevos caminos de la filosofía
-д хадгалсан:
| Бусад зохиолчид: | , |
|---|---|
| Формат: | Ном |
| Хэл сонгох: | англи |
| Хэвлэсэн: |
Medellín, Colombia:
Universidad Pontificia Bolivariana,
2013
|
| Хэвлэл: | Primera edición |
| Нөхцлүүд: | |
| Шошгууд: |
Шошго нэмэх
Шошго байхгүй, Энэхүү баримтыг шошголох эхний хүн болох!
|
MARC
| LEADER | 00000nam a22000007a 4500 | ||
|---|---|---|---|
| 003 | CL-VaPUC | ||
| 005 | 20240820103306.0 | ||
| 008 | 220425b2013 ||||| |||| 00| 0 eng d | ||
| 999 | |c 435493 |d 435491 | ||
| 020 | |a 978-958-764-068-7 | ||
| 040 | |c Pontificia Universidad Católica de Valparaíso | ||
| 082 | 7 | |a 261.51 ARB 2013 |2 22 | |
| 100 | 1 | |a Arboleda Mora, Carlos |e editor |9 868752 | |
| 245 | |a El giro teológico. |b Nuevos caminos de la filosofía | ||
| 250 | |a Primera edición | ||
| 260 | |a Medellín, Colombia: |b Universidad Pontificia Bolivariana, |c 2013 | ||
| 300 | |a 303 páginas | ||
| 500 | |a C1. Donación Facultad de Teología, libro pertenciente a la Profesora Eugenia Colomer (Q.E.P.D). Correo en papel 31/03/2022 | ||
| 583 | |c 20220425 |k Catalogador Asistente | ||
| 650 | 0 | |a Fenomenología |9 256519 | |
| 650 | |a Teología y filosofía |9 870313 | ||
| 650 | |a Teología y cultura |9 870314 | ||
| 700 | |a Restrepo, Carlos Enrique |e editor |9 868753 | ||
| 942 | |2 ddc |c BK | ||
| 952 | |0 0 |1 0 |2 ddc |4 0 |6 261_510000000000000_ARB_2013 |7 0 |8 A |9 582770 |a BIBTEO |b BIBTEO |c GEN |d 2022-04-25 |e Donación |i 5650917 |o 261.51 ARB 2013 |p 5650917 |r 2025-01-17 |t 1 |w 2022-04-25 |y BK |k ICR | ||